000 01062nam a2200301 i 4500
001 bg
003 BPK
005 20191009093620.0
008 020107s2001 pl a f f |000 0 pol
015 _aPB 2002/520
020 _a8388283731
040 _aWA N
_cBPK
041 0 _apol
080 _a519.2
080 _a(075.8)
100 1 _aSobczak, Wojciech.
_eAutor
245 1 0 _aPodstawy probabilistyki /
_cWojciech Sobczak.
260 _aKoszalin :
_bWydaw. Uczelniane Politechniki Koszalińskiej,
_c2001.
300 _a228 s. :
_bil. ;
_c24 cm.
504 _aBibliogr.
521 8 _aSkrypt Wydziału Elektroniki.
655 4 _aPodręczniki akademickie
650 4 _aRachunek prawdopodobieństwa
710 2 _aPolitechnika Koszalińska.
_bWydawnictwo Uczelniane.
_4pbl.
856 _uhttp://dlibra.tu.koszalin.pl/dlibra/docmetadata?id=280&from=&dirids=1&ver_id=&lp=1&QI=
_yBiblioteka Cyfrowa
942 _2UKD
_cKS
856 _uhttp://koha.tu.koszalin.pl/cgi-bin/koha/opac-detail.pl?biblionumber=40283
_yKatalog online BPK
999 _c40283
_d40283